Wyoming General Knowledge - Statistics

General Stats
  • This quiz has been taken 130 times
  • The average score is 9 of 15
Answer Stats
Hint Answer % Correct
Capital and largest city, known for history and western culture Cheyenne
98%
Major 3,500-square-mile national park and volcanic hot spot Yellowstone
95%
Second largest city in Wyoming, known for its nature Casper
90%
Most iconic geyser located in above national park Old Faithful
90%
Major national park & mountain range in northwest Wyoming Grand Teton
87%
3rd largest city and location of University of Wyoming Laramie
82%
4th largest city in Wyoming, located in Campbell County Gillette
70%
A laccolithic butte and national monument in Crook County Devils Tower
65%
5th largest city in Wyoming, located in Sweetwater County Rock Springs
60%
"World's Largest Western Celebration.", located in Cheyenne Frontier Days
55%
Major 1.1 million acre national forest in Northern Wyoming Bighorn
40%
Valley between the Teton Range and the Gros Ventre Range Jackson Hole
35%
Mountain range of the Rocky Mountains in western Wyoming Wind River Range
32%
12,000 year old lake in Grand Teton Jenny Lake
25%
Large complex of hot springs in Yellowstone National Park Mammoth Hot Springs
8%
No matching quizzes found
Score Distribution
Percent of People with Each Score
Percentile by Number Answered
Your Score History
You have not taken this quiz